Responses for Show #8895 - Friday, June 16, 2023

Ben Goldstein game 1.

Contestants

[<< previous game]

Erica Rapheal, an epidemiologist from Saint Paul, Minnesota

Ben Goldstein, a content marketing strategist from Dexter, Michigan

Suzanne Goldlust, a marketing manager from Reston, Virginia (whose 1-day cash winnings total $18,700)

[next game >>]

Jeopardy! Round responses

CONTINENTAL GEOGRAPHY
BIRTHSTONES
3-LETTER WORDS ENDING IN X
GREASE & ROAM
NIGHT SKIES
FINISH LAST
    $200 6
(Erica: What is North America?)

Australia

Erica
Triple Stumper
    $200 26
pearl

Ben
    $200 1
a tux

Ben
    $200 14
winter

Triple Stumper
    $200 16
the Big Dipper

Ben
    $200 25
the Tour de France

Suzanne
    $400 7
South Sudan

Suzanne
    $400 27
turquoise

Ben
    $400 2
fix

Erica
    $400 15
Indianapolis

Ben
    $400 17
butterfly

Suzanne
    $400 21
the Preakness

Suzanne
    $600 8
(Ben: What is Asia?)
(Erica: What is South America?)

Antarctica

SuzanneBenErica
    $600 28
amethyst

Erica
    $600 3
hex

Suzanne
    $600 11
the suspension

Suzanne
    $600 18
Orion

Ben
    $600 22
the (Cleveland) Browns

Ben
    $1,600 9
(Suzanne: What are the Aleutians?)

the Seward Peninsula

Suzanne
    $800 29
opal

Erica
    $800 4
vex

Ben
    $800 12
mineral oil

Suzanne
    $800 19
a binary system

Triple Stumper
    $800 23
the Philadelphia 76ers

Triple Stumper
    $1000 10
Europe

Ben
    $1000 30
(Erica: What is ferrite?)
(Ben: What is garnet?)

bloodstone

BenErica
Triple Stumper
    $1000 5
pax

Erica
    $1000 13
the clutch

Erica
    $1000 20
(Suzanne: What is a spiral galaxy?)

a globular cluster

Suzanne
Triple Stumper
    $1000 24
Ernie Banks

Ben

Scores at the first commercial break (after clue 15):

Suzanne Ben Erica
$1,400 $1,800 $1,600

Scores at the end of the Jeopardy! Round:

Suzanne Ben Erica
$1,400 $3,800 $2,000

Double Jeopardy! Round responses

HISTORIC GROUPS
OPPOSITIONAL BOOK TITLES
GO TELL IT ON THE FOUNTAIN
THAT EUROPEAN LANGUAGE
CUFFING SEASON
THIS IS ALL A BIT MUCH
    $400 21
Ireland

Erica
    $400 6
murder

Ben
    $400 26
Geneva

Suzanne
    $400 1
Swedish

Ben
    $400 20
Saturday Night Live

Erica
    $400 15
diluvial (deluge)

Ben
    $800 11
(Mayim: Yes, his brother was Attila.)

the Huns

Ben
    $800 2
(Suzanne: What is The Green Mile?)

Dead Man Walking

SuzanneBen
    $800 27
Singapore

Erica
    $800 22
Scottish Gaelic

Triple Stumper
    $800 16
(Mayim: Ah, yes!)
[Laughter]

The Matrix

Suzanne
    $800 7
overboard

Ben
    $1200 12
(Erica: What is the terror--[*]? What is [*]?)

the Reign of Terror

Erica
    $1200 3
e.e. cummings

Ben
    $1200 28
Apollo

Triple Stumper
    $2,600 23
German

Erica
    $1200 17
Wonder Woman

Suzanne
    $1200 8
embarrassment

Ben
    $1600 13
the Wobblies

Ben
    $1600 4
Robert Langdon

Erica
    $1600 29
the Trevi

Ben
    $1600 24
Polish

Triple Stumper
    $1600 18
(Phil) Jackson

Ben
    $4,000 9
(Ben: What is decadent?)

prodigal

Ben
    $2000 14
the Commonwealth (of Nations)

Triple Stumper
    $2000 5
William Blake

Triple Stumper
    $2000 30
(Ben: What is the Incheon?)

the Han

Ben
Triple Stumper
    $2000 25
Finnish

Triple Stumper
    $2000 19
Prometheus

Erica
    $2000 10
a plethora

Triple Stumper

Scores at the end of the Double Jeopardy! Round:

Suzanne Ben Erica
$3,000 $8,600 $11,000

[wagering suggestions for these scores]

Final Jeopardy! Round responses

AMERICAN GEOGRAPHY
SuzanneWhat is Lake Huron?
$0
BenWhat's Lake Champlain?
$2,402
EricaWhat is St. Lawrence River
$6,201
Lake Pontchartrain

Final scores:

Suzanne Ben Erica
$3,000 $6,198 $4,799
3rd place: $1,000 New champion: $6,198 2nd place: $2,000

Game dynamics:

Coryat scores:

Suzanne Ben Erica
$4,600 $12,600 $9,600
11 R,
3 W
(including 1 DD)
21 R,
4 W
(including 1 DD)
12 R
(including 1 DD),
3 W

Combined Coryat: $26,800

[game clues] [game scores] [suggest correction]

Game tape date: 2023-04-04
The J! Archive is created by fans, for fans. Scraping, republication, monetization, and malicious use prohibited; this site may use cookies and collect identifying information. See terms. The Jeopardy! game show and all elements thereof, including but not limited to copyright and trademark thereto, are the property of Jeopardy Productions, Inc. and are protected under law. This website is not affiliated with, sponsored by, or operated by Jeopardy Productions, Inc. Join the discussion at JBoard.tv.